Sack the ce / (Record no. 129287)

MARC details
000 -LEADER
fixed length control field 00641nam a22002177a 4500
005 - DATE AND TIME OF LATEST TRANSACTION
control field 20170124110053.0
010 ## - LIBRARY OF CONGRESS CONTROL NUMBER
LC control number B-079009
020 ## - INTERNATIONAL STANDARD BOOK NUMBER
International Standard Book Number 8125914536
Terms of availability 00.00
035 ## - SYSTEM CONTROL NUMBER
System control number B-079009
037 ## - SOURCE OF ACQUISITION
Source of stock number/acquisition Cen Lib/Ret
040 ## - CATALOGING SOURCE
Original cataloging agency DPL
Language of cataloging EN
082 ## - DEWEY DECIMAL CLASSIFICATION NUMBER
Classification number 658.001
Item number JAI
100 ## - MAIN ENTRY--PERSONAL NAME
Personal name Jain, Jeetendra
9 (RLIN) 25937
245 ## - TITLE STATEMENT
Title Sack the ce /
Statement of responsibility, etc by Jeetendra Jain
260 ## - PUBLICATION, DISTRIBUTION, ETC. (IMPRINT)
Place of publication, distribution, etc New Delhi
Name of publisher, distributor, etc Vikas Publishing House Pvt Ltd.
Date of publication, distribution, etc 2003
270 ## - ADDRESS
Address 5, Ansari Road
City New Delhi
Postal code 110002
300 ## - PHYSICAL DESCRIPTION
Extent xviii,250p.
Dimensions 20cm(Hb)
650 ## - SUBJECT ADDED ENTRY--TOPICAL TERM
Topical term or geographic name as entry element Characters
9 (RLIN) 104334
650 ## - SUBJECT ADDED ENTRY--TOPICAL TERM
Topical term or geographic name as entry element Character -- Assassinations
9 (RLIN) 104335
942 ## - ADDED ENTRY ELEMENTS (KOHA)
Source of classification or shelving scheme Dewey Decimal Classification
Koha item type English Books
Classification part 658.001
Call number suffix JAI
Holdings
Withdrawn status Lost status Damaged status Not for loan Home library Current library Date acquired Source of acquisition Cost, normal purchase price Total Checkouts Full call number Barcode Date last seen Copy number Cost, replacement price Price effective from Koha item type
        Central Library Central Library 06/07/2015 Cen Lib/Ret 0.00   658.001 JAI B-079009 06/07/2015 1 0.00 06/07/2015 English Books

© Delhi Public Library
Hit Counter
free hit counter